00699nam a2200193Ia 4500952013600000999001500136003000400151005001700155008004100172020001800213040000900231082001800240100003200258245010600290260004700396300000900443650001100452942004200463 00102ddc40708BOTANYaMESbMEScBOTANYd2019-02-20g3700.00l0o581.63 PEN/Up36353r2019-02-20 00:00:00w2019-02-20yBKzGL18R6 c1855d1855OSt20200923105128.0190216s9999||||xx |||||||||||||| ||und|| a9780195370010 coclc a581.63bPEN/U aPennacchio, Marcello 94848 0aUses And Abuses Of Plant-Derived Smoke /cMarcello Pennacchio ; Lara vanessa Jefferson ; Kayri Havens bOxford University Press,c2010.aNew York: a247p aBotany cBK2ddch581.63iPEN/Uk581.63mPEN/U